000 00732nam a2200241 a 4500
001 18346
003 CO-ViMGA
008 141112s2004 ck r 000 u spa d
020 _a9706860142
040 _aCO-ViMGA
_bspa
_cCO-ViMGA
082 0 4 _a658.1599 M138a
100 1 _aMadura, Jeff
_926095
245 1 0 _aAdministración Financiera Internacional
250 _a6
260 _aMexico,
_cThomson,
_c2001
300 _a660.p.
590 _aForma de adquisición : Premio Mincultura
650 1 4 _aADMINISTRACION DE ACTIVOS Y PASIVOS
_926096
650 1 4 _aBANCOS INTERNACIONALES
_912857
650 1 4 _aEMPRESAS INTERNACIONALES - FINANZAS
_926097
650 1 4 _aFINANZAS INTERNACIONALES - TASA DE CAMBIO
_926098
942 _2ddc
_cBK
999 _c27650
_d27650